Cities with the most Venture Capita - Statistics

General Stats
  • This quiz has been taken 26 times
  • The average score is 19 of 30
Answer Stats
Assume position Cash-flow city % Correct
2. (US) New York
100%
1. (US) San Francisco
95%
8. (Europe) London
86%
19. (Europe) Paris
86%
10. (SE Asia) Singapore
86%
3. (E Asia) Beijing
81%
21. (US) Chicago
81%
6. (US) Los Angeles
81%
11. (E Asia) Tokyo
81%
18. (US) Seattle
76%
9. (E Asia) Shanghai
76%
20. (US) Miami
71%
5. (US) Boston
67%
12. (E Asia) Hong Kong
67%
17. (US) San Diego
62%
30. (Oceania) Sydney
62%
22. (US) Washington
62%
28. (US) Atlanta
57%
15. (Europe) Berlin
57%
26. (S Asia) Delhi
57%
4. (US) San Jose
52%
24. (US) Austin
48%
25. (US) Philadelphia
48%
14. (E Asia) Seoul
48%
13. (W Asia) Tel Aviv
48%
29. (S.Am) São Paulo
43%
16. (E Asia) Shenzhen
43%
7. (SE Asia) Jakarta
38%
23. (Europe) Stockholm
33%
27. (S Asia) Bangalore
29%
No matching quizzes found
Score Distribution
Percent of People with Each Score
Percentile by Number Answered
Your Score History
You have not taken this quiz